| 000 | 00814 a2200253 4500 | ||
|---|---|---|---|
| 003 | Nust | ||
| 005 | 20170207154019.0 | ||
| 010 | _a 80039580 | ||
| 020 | _a0125850506 | ||
| 040 | _cNust | ||
| 082 | 0 | 0 | _a530.15 |
| 100 | 1 | _aReed, Michael, | |
| 245 | 1 | 0 |
_aMethods of modern mathematical physics (E-BOOK) _cMichael Reed, Barry Simon. |
| 250 | _aRev. and enl. ed. | ||
| 260 |
_aNew York : _bAcademic Press, _cc1980-<1 > |
||
| 300 |
_av. <1> : _bill. ; _c24 cm. |
||
| 505 | 1 | _av. 1. Functional analysis. | |
| 650 | 0 | _aFunctional analysis. | |
| 650 | 0 | _aMathematical physics. | |
| 651 | _aE-BOOK | ||
| 700 | 1 |
_aSimon, Barry, _d1946- |
|
| 856 | 4 | 2 |
_3Publisher description _uhttp://www.loc.gov/catdir/description/els031/80039580.html |
| 856 | 4 | 2 |
_3Table of contents _uhttp://www.loc.gov/catdir/toc/els031/80039580.html |
| 942 |
_2ddc _cBK |
||
| 999 |
_c191575 _d191575 |
||